| 000 | 00817nam a22002777a 4500 | ||
|---|---|---|---|
| 001 | 547894 | ||
| 003 | DO-SdBNP | ||
| 005 | 20180126092524.0 | ||
| 007 | 547894 | ||
| 008 | 000615s1999 sp | ||| ||spa | ||
| 016 | 7 | _2BPMSU | |
| 020 | _a8481302120 | ||
| 040 |
_aBPMSU _bspa _cBPMSU |
||
| 041 | 1 | _aspa | |
| 100 | 1 |
_aBeckett, Samuel _d1906-1989 |
|
| 240 | 1 | 0 |
_aFin de partie _lEspañol |
| 245 | 1 | 0 |
_aFin de partida _cSamuel Beckett ; traducción de Ana Mª Moix ; prólogo de José Jiménez |
| 260 |
_aMadrid: _bMilenium, _c1999 |
||
| 300 |
_a92 p. : _c21 cm. |
||
| 490 | 0 |
_aMillenium. Las 100 joyas del milenio _v100 |
|
| 700 |
_aJiménez, José _epról. |
||
| 830 | 0 |
_pMillenium. Las 100 joyas del milenio _n100 |
|
| 942 |
_2ddc _cBK |
||
| 945 | _aInventariado, 2018 / YL | ||
| 956 |
_aVMATEO _b10 _cBPMSU |
||
| 999 |
_c8715 _d8715 |
||